Online Public Access Catalogue

Dentistry, dental practice, and the community / (Record no. 4642)

MARC details
000 -LEADER
fixed length control field 00924pam a2200277 a 4500
020 ## - INTERNATIONAL STANDARD BOOK NUMBER
International Standard Book Number 0721673090
060 10 - NATIONAL LIBRARY OF MEDICINE CALL NUMBER
Classification number WU 113
Item number B973d 1999
082 00 - DEWEY DECIMAL CLASSIFICATION NUMBER
Classification number 617.6
100 1# - MAIN ENTRY--PERSONAL NAME
Author Name Burt, Brian A.
245 10 - TITLE STATEMENT
Title Dentistry, dental practice, and the community /
250 ## - EDITION STATEMENT
Edition statement 5th ed.
260 ## - PUBLICATION, DISTRIBUTION, ETC.
Place of publication, distribution, etc. Philadelphia :
Name of publisher, distributor, etc. Saunders,
Date of publication, distribution, etc. c1999.
300 ## - PHYSICAL DESCRIPTION
No of Pages x, 384 p. :
illustrations ill. ;
Dimensions 26 cm.
504 ## - BIBLIOGRAPHY, ETC. NOTE
Bibliography, Index, etc. note Includes bibliographical references and index.
650 #0 - SUBJECT ADDED ENTRY--TOPICAL TERM
Subject Dentistry
Keywords Dental public health.
650 #0 - SUBJECT ADDED ENTRY--TOPICAL TERM
Subject Dentistry
650 12 - SUBJECT ADDED ENTRY--TOPICAL TERM
Subject Public Health Dentistry.
650 22 - SUBJECT ADDED ENTRY--TOPICAL TERM
Subject Preventive Dentistry.
Keywords IMDC
906 ## - LOCAL DATA ELEMENT F, LDF (RLIN)
a 7
b cbc
c orignew
d 1
e ocip
f 19
g y-gencatlg
942 ## - ADDED ENTRY ELEMENTS (KOHA)
Source of classification or shelving scheme
Koha item type Books
Holdings
Item status Home library Current library Shelving location Date acquired Total Checkouts Full call number Barcode Date last seen Koha item type
  Islamabad Medical and Dental College Islamabad Medical and Dental College Islamabad Medical and Dental College 16/03/2018   617.6 BUR 6339 16/03/2018 Books
  Islamabad Medical and Dental College Islamabad Medical and Dental College Islamabad Medical and Dental College 16/03/2018   617.6 BUR 6345 16/03/2018 Books
  Islamabad Medical and Dental College Islamabad Medical and Dental College Islamabad Medical and Dental College 16/03/2018   617.6 BUR 6564 16/03/2018 Books
  Islamabad Medical and Dental College Islamabad Medical and Dental College Islamabad Medical and Dental College 16/03/2018   617.6 BUR 6565 16/03/2018 Books

Copyright @ IMDC Library
Islamabad Medical and Dental College
Bhara Kahu, Islamabad

  Contact the Librarian, IMDC
  Email:: library@imdcollege.edu.pk

  OPAC Customized by
  Mazhar Hussain,
  Librarian:
  Islamabad Medical and Dental College
  Email:: library@imdcollege.edu.pk